00308nam a2200145Ia 45000030006000000080041000060400015000471000015000622450014000772500006000912600030000973000006001275460012001330050017001450STCL150530s9999 xx 000 0 und d aSTCLcSTCL aFrost, J R aKim Notes a2 bNirman Pressc1995aDelhi a0 aEnglish20220125170823.0